Životný cyklus rodinných podnikov a generačná výmena ako fáza životného cyklu

Problematika životného cyklu rodinných podnikov. Popis existujúcich modelov životného cyklu rodinných podnikov. Súčasná situácia rodinných podnikov na Slovensku a v Európe so zreteľom na proces nástupníctva a generačnej výmeny. Životný cyklus rodinného podniku podľa Rosenbauera, Goehlera a Gersicka....

Descrizione completa

Salvato in:
Dettagli Bibliografici
Autore principale: Trúchliková, Mária, 1991-
Natura: Capitolo di libro
Lingua:slovacco
Soggetti:
Tags: Aggiungi Tag
Nessun Tag, puoi essere il primo ad aggiungerne!!

MARC

LEADER 00000naa a2200000 4500
001 0277078
005 20240502074323.7
041 0 |a slo 
044 |a SK 
245 1 0 |a Životný cyklus rodinných podnikov a generačná výmena ako fáza životného cyklu  |c Mária Trúchliková 
520 |a Problematika životného cyklu rodinných podnikov. Popis existujúcich modelov životného cyklu rodinných podnikov. Súčasná situácia rodinných podnikov na Slovensku a v Európe so zreteľom na proces nástupníctva a generačnej výmeny. Životný cyklus rodinného podniku podľa Rosenbauera, Goehlera a Gersicka. Fázy životného cyklu podnikateľskej rodiny. 
610 2 0 |a podnik rodinný 
610 2 0 |a generácie 
610 2 0 |a modelovanie 
100 1 |a Trúchliková, Mária, 1991-